Library Banner

Business mathematics: (Record no. 15397)

MARC details
000 -LEADER
fixed length control field 00400nam a2200157Ia 4500
001 - CONTROL NUMBER
control field 14829
008 - FIXED-LENGTH DATA ELEMENTS--GENERAL INFORMATION
fixed length control field 140403s9999 xx 000 0 und d
020 ## - INTERNATIONAL STANDARD BOOK NUMBER
International Standard Book Number 969-8383-02-6
040 ## - CATALOGING SOURCE
Transcribing agency PK-LaUMT
082 ## - DEWEY DECIMAL CLASSIFICATION NUMBER
Classification number 519.5076
Item number ICA-
245 ## - TITLE STATEMENT
Title Business mathematics:
Remainder of title ICAP study text part 1 paper 2.1
260 ## - PUBLICATION, DISTRIBUTION, ETC. (IMPRINT)
Place of publication, distribution, etc Delhi,India:
Name of publisher, distributor, etc BPB Publications,
Date of publication, distribution, etc 1996
300 ## - PHYSICAL DESCRIPTION
Extent 227 p.
546 ## - LANGUAGE NOTE
Language note EN
942 ## - ADDED ENTRY ELEMENTS (KOHA)
Koha item type Books
Holdings
Withdrawn status Lost status Damaged status Not for loan Home library Current library Date acquired Total Checkouts Full call number Barcode Date last seen Price effective from Koha item type
        UMT Main Campus UMT Main Campus 2014-04-03   519.5076 ICA- 17004 2014-04-22 2014-04-22 Books